Travelling light (Record no. 32902)
[ view plain ]
| 000 -LEADER | |
|---|---|
| fixed length control field | 00295nam a2200145Ia 4500 |
| 082 ## - DEWEY DECIMAL CLASSIFICATION NUMBER | |
| Classification number | 808.83 |
| Item number | VAR |
| 100 ## - MAIN ENTRY--PERSONAL NAME | |
| Personal name | Varughese/Suma |
| 245 ## - TITLE STATEMENT | |
| Title | Travelling light |
| 260 ## - PUBLICATION, DISTRIBUTION, ETC. | |
| Name of publisher, distributor, etc. | Life positive |
| Date of publication, distribution, etc. | 2009 |
| 366 ## - TRADE AVAILABILITY INFORMATION | |
| Publishers's discount category | 20 |
| 300 ## - PHYSICAL DESCRIPTION | |
| Extent | 170 |
| 546 ## - LANGUAGE NOTE | |
| Language note | ENGLISH |
| -- | Computers |
| 942 ## - ADDED ENTRY ELEMENTS (KOHA) | |
| Koha item type | BOOK |
| Withdrawn status | Lost status | Damaged status | Not for loan | Collection | Home library | Current library | Date acquired | Source of acquisition | Cost, normal purchase price | Inventory number | Total Checkouts | Full call number | Barcode | Date last seen | Cost, replacement price | Price effective from | Koha item type |
|---|---|---|---|---|---|---|---|---|---|---|---|---|---|---|---|---|---|
| CRC | Fr. Agnel's C.Rodrigues College of Engineering | Fr. Agnel's C.Rodrigues College of Engineering | 17/03/2023 | Dharma Enterprises | 156.00 | 145 dt 23/05/2013 | 808.83 VAR | 22640 | 17/03/2023 | 195.00 | BOOK |